01149nas a2200289Ia 4500001002700000003001000027008004100037040002500078041001300103100002300116210002700139222002700166245007600193250001100269260000900280501012300289300001400412362002500426500009500451650002400546700002200570700002300592942000700615957000600622999003200628952019900660A50/R099-4586 [r000001714]IT-MiCISF161014c99999999xx |||||||||||| ||und|| aIT-MiCISFcIT-MiCISF aITALIANO aMilanesi Giancarlo aOrientamenti pastorali aOrientamenti pastorali 0aI giovani alla ricerca di adulti "significativi" e di comunità adulte a1a ed. c1988 bCISF - Centro Internazionale Studi Famiglia - Via Giotto, 36 20145 MILANO (non commercial uses only)cCopyright 2016 app. 71-89 a5-6, mag-giu. [1988] a Tema: fede, società, giovani, famiglia, coppia, matrimonio, solidarietà, età-adulta aPASTORALEvarticolo a De Rita Giuseppe a Fregni Gianfranco cCR 71 a4586bSig1c223036d223036 0010406A_50_000000000000000_R0994586_R00000171471aCISFbCISFd2016-10-14l0oA50/R099-4586 [r000001714]r2016-10-14 00:00:00w2016-10-14yCRzData import 15.10.2016 / by Epidotti, Vaglietti